000 00749nam a2200205Ia 4500
008 110201s9999 xx 000 0 und d
082 _bB7619
_aKS 1143
100 _aअनु. बोरुडे संजय
100 _aजेर्फे आर्चर
245 _aद परफेक्ट मर्डर
260 _bप्राजक्त प्रकाशन
365 _b130
600 _aअनु. बोरुडे संजय
600 _aजेर्फे आर्चर
630 _aद परफेक्ट मर्डर
700 _aअनु. बोरुडे संजय
700 _aजेर्फे आर्चर
730 _aद परफेक्ट मर्डर
942 _cBOOK
999 _c833132
_d833129